MARC

LEADER 00000nam2a2200000 4500
001 10813
005 20250625170427.0
035 |a (RuTPU)RU\TPU\book\10878 
035 |a BOOK00010944 
090 |a 10813 
100 |a 20011209d1999 m y0rusy50 ca 
101 0 |a rus 
102 |a RU 
105 |a y j 000zy 
200 0 |a Ч. 2 
210 |d 1999 
215 |a 103 с. 
461 1 |0 118861  |9 118861  |t Технологические процессы машиностроительного производства  |o учебное пособие  |o дистанционное образование  |o в 2 ч.  |f К. Г. Герасимович [и др.]  |g Томский политехнический университет (ТПУ); Институт дистанционного образования  |v Ч. 2  |d 1999 
610 1 |a машиностроительное производство 
610 1 |a технологические процессы 
610 1 |a резание 
610 1 |a сварочное производство 
610 1 |a металлы 
610 1 |a учебные пособия 
610 1 |a дистанционное обучение 
610 1 |a обработка 
675 |a 621.002:658.5(075.8)  |v 3 
701 1 |a Герасимович  |b К. Г.  |c специалист в области материаловедения  |c ассистент кафедры Томского политехнического университета  |f 1960-  |g Константин Георгиевич  |9 22701 
701 1 |a Евтюшкин  |b Ю. А.  |c специалист в области материаловедения  |c доцент Томского политехнического университета  |f 1929-  |g Юрий Александрович  |9 12203 
701 1 |a Фомин  |b Н. И.  |c специалист в области машиностроения  |c доцент Томского политехнического университета, кандидат технических наук  |f 1949-2017  |g Николай Ильич  |9 12106 
701 1 |a Хворова  |b И. А.  |c специалист в области материаловедения  |c старший преподаватель Томского политехнического университета  |f 1954-  |g Ирина Александровна  |9 12299 
701 1 |a Козлов  |b В. Н.  |c специалист в области машиностроения  |c доцент Томского политехнического университета, кандидат технических наук  |f 1958-  |g Виктор Николаевич  |9 13895 
712 0 2 |a Томский политехнический университет  |c (1991-2009)  |9 23382 
801 0 |a RU  |b 63413507  |c 20011209  |g PSBO 
801 2 |a RU  |b 63413507  |c 20201204  |g PSBO 
850 |a 63413507 
942 |c BK